ნორმალური ფორმატი
MARC ფორმატი
ჩანაწერი Personal Name
ჩანაწერთა რაოდენობა, რომელიც გამოყენებულია: 1
001 - CONTROL NUMBER
- control field: 14893
003 - CONTROL NUMBER IDENTIFIER
- control field: GE_BSU
005 - DATE AND TIME OF LATEST TRANSACTION
- control field: 20220929114441.0
008 - FIXED-LENGTH DATA ELEMENTS
- fixed length control field: 220929|| aca||aabn | a|a d
040 ## - CATALOGING SOURCE
- Original cataloging agency: GE_BSU
- Transcribing agency: GE_BSU
100 ## - HEADING--PERSONAL NAME
- Personal name: ქურდიანი, მიხეილ
670 ## - SOURCE DATA FOUND
- Source citation: Work cat.: (GE_BSU)54967: ქურდიანი, მიხეილ, იბერიულ-კავკასიური ენათმეცნიერების საფუძვლები = Grundlagen der Iberisch-Kaukasischen Sprachwissenschaft = Основы Иберийско-Кавказского языкознания = Basis of Iberian-Caucasian /
